Anno di fondazione delle squadre italiane - Quiz n°1 - Statistics

Statistiche generali
  • Questo quiz è stato fatto 27 volte
  • Il punteggio medio è 4 su 16
Statistiche sulle risposte
Hint Risposta % Corretto
Genoa 1893
65%
Lazio 1900
65%
Juventus 1897
50%
Milan 1899
50%
Udinese 1896
27%
Messina 1900
27%
Ascoli 1898
23%
Siena 1904
19%
Ancona 1905
19%
Palermo 1900
15%
Hellas Verona 1903
15%
Perugia 1905
15%
Vicenza 1902
12%
Cremonese 1903
12%
Lucchese 1905
8%
Pro Vercelli 1903
4%
Nessun quiz corrispondente trovato
Distribuzione punteggi
Percentuale di utenti per punteggio
Percentile per numero di risposta
I tuoi punteggi nel tempo
Non hai fatto questo quiz